000 00342cam a22001097a 4500
008 180718b1962 xxu||||| |||| 00| 0 eng d
082 _aT394x54 C/62/1
100 _aTariff Commission
245 _aReport on the review of the antimony industry
_cby Tariff Commission, India
260 _aDelhi
_bGovernment of Central Press
_c1962
300 _a14p
999 _c497999
_d497999